Instant notes microbiology Ed 3 (Record no. 142024)

MARC details
000 -LEADER
fixed length control field 00542nam a2200241Ia 4500
008 - FIXED-LENGTH DATA ELEMENTS--GENERAL INFORMATION
fixed length control field 210210b2006 xxu||||| |||| 00| 0 eng d
020 ## - INTERNATIONAL STANDARD BOOK NUMBER
International Standard Book Number 0415390885
041 ## - LANGUAGE CODE
Language code of text/sound track or separate title eng
082 ## - DEWEY DECIMAL CLASSIFICATION NUMBER
Classification number 576.076 BAKI
100 ## - MAIN ENTRY--PERSONAL NAME
Personal name BAKER (S)
245 ## - TITLE STATEMENT
Title Instant notes microbiology Ed 3
250 ## - EDITION STATEMENT
Edition statement
260 ## - PUBLICATION, DISTRIBUTION, ETC.
Place of publication, distribution, etc. New York
Name of publisher, distributor, etc. Taylor & Francis
Date of publication, distribution, etc. 2006
300 ## - PHYSICAL DESCRIPTION
Extent viii,427
650 ## - SUBJECT ADDED ENTRY--TOPICAL TERM
Topical term or geographic name entry element notes
650 ## - SUBJECT ADDED ENTRY--TOPICAL TERM
Topical term or geographic name entry element microbiology
650 ## - SUBJECT ADDED ENTRY--TOPICAL TERM
Topical term or geographic name entry element Instant
650 ## - SUBJECT ADDED ENTRY--TOPICAL TERM
Topical term or geographic name entry element Ed
650 ## - SUBJECT ADDED ENTRY--TOPICAL TERM
Topical term or geographic name entry element 3
690 ## - LOCAL SUBJECT ADDED ENTRY--TOPICAL TERM (OCLC, RLIN)
Topical term or geographic name as entry element Microbiology
700 ## - ADDED ENTRY--PERSONAL NAME
Personal name NICKLIN (J)
906 ## - LOCAL DATA ELEMENT F, LDF (RLIN)
a 064834
Holdings
Withdrawn status Lost status Damaged status Not for loan Collection code Home library Current library Shelving location Date acquired Source of acquisition Cost, normal purchase price Total Checkouts Full call number Barcode Date last seen Price effective from Koha item type
          St Aloysius Library St Aloysius Library   02/17/2021 Biblios Book Point, Surathkal-575014 375.00   576.076 BAKI 064834 02/17/2021 02/17/2021 Book